| 000 | 01113namaa22003131i 4500 | ||
|---|---|---|---|
| 003 | EG-GICUC | ||
| 005 | 20260405115300.0 | ||
| 008 | 260330s2012 ua a|||jr|||| 000 0 ara d | ||
| 017 |
_a2012 / 5385 _bدار الكتب و الوثائق القومية (مصر) |
||
| 020 | _a9789777166546 | ||
| 040 |
_aEG-GiCUC _bara _cEG-GiCUC _dEG-GiCUC _erda |
||
| 043 | _af-ua--- | ||
| 082 | 0 | 4 |
_221 _a962.08 _bP955 |
| 092 | 0 | 4 |
_221 _a962.08 _bP955 |
| 099 | _a 962.08 P955 | ||
| 100 | 1 |
_aبرنس، منى. _eمؤلف. |
|
| 245 | 1 | 0 |
_aاسمى ثورة / _cمنى برنس. |
| 250 | _aالطبعة الاولى. | ||
| 264 |
_a[مكان النشر غير محدد : _bالناشر غير محدد، ] _c2012. |
||
| 300 |
_a247 صفحة : _bإيضاحيات ؛ _c20 سم. |
||
| 336 |
_2rdacontent _atext |
||
| 337 |
_2rdamedia _aUnmediated |
||
| 338 |
_2rdacarrier _avolume |
||
| 541 |
_aد . جابر عصفور؛ _bالقاهرة ؛ _cإهداء ؛ _d2024. |
||
| 650 | 1 | _2qrmak | |
| 651 | 1 | 7 |
_2qrmak _aمصر _xتاريخ _yالعصر الحديث _yثورة 25 يناير2011 |
| 905 | _aNoha | ||
| 942 |
_2ddc _cBK _e21 _n0 |
||
| 999 |
_c179096 _d179096 |
||